O státnosti a uznání státu v mezinárodním právu
Vznik Českej a Slovenskej republiky a ich uznanie a prijatie za členov OSN. Štáty, ktoré doteraz OSN neprijala. Charta Organizácie spojených národov. Montevidejský dohovor o právach a povinnostiach štátov z roku 1933. Štáty so všeobecným a s obmedzeným uznaním.
Saved in:
| Main Author: | |
|---|---|
| Format: | Book Chapter |
| Language: | Czech |
| Subjects: | |
| Tags: |
No Tags, Be the first to tag this record!
|
MARC
| LEADER | 00000naa a2200000 4500 | ||
|---|---|---|---|
| 001 | 0150540 | ||
| 005 | 20231016094959.8 | ||
| 041 | 0 | |a cze | |
| 044 | |a CZ | ||
| 245 | 1 | 0 | |a O státnosti a uznání státu v mezinárodním právu |c Zuzana Trávníčková |
| 520 | |a Vznik Českej a Slovenskej republiky a ich uznanie a prijatie za členov OSN. Štáty, ktoré doteraz OSN neprijala. Charta Organizácie spojených národov. Montevidejský dohovor o právach a povinnostiach štátov z roku 1933. Štáty so všeobecným a s obmedzeným uznaním. | ||
| 610 | 2 | 0 | |a právo medzinárodné |
| 610 | 2 | 0 | |a suverenita štátna |
| 610 | 2 | 0 | |a štát |
| 610 | 2 | 0 | |a nezávislosť |
| 610 | 2 | 0 | |a organizácie medzinárodné |
| 100 | 1 | |a Trávníčková, Zuzana | |